000 00530nam a2200169Ia 4500
008 090711s9999 xx 000 0 und d
082 _b33267
100 _aमागखोलकर गं. त्र्य.
245 _aअनघा
260 _bमॅजेस्टीक प्रकाशन
_c1970
300 _a198
600 _aमागखोलकर गं. त्र्य.
630 _aअनघा
700 _aमागखोलकर गं. त्र्य.
730 _aअनघा
942 _cBOOK
999 _c330468
_d330468